000 03267nam a22002657a 4500
001 5150453
003 UA-OsUOA
005 20201105171059.0
008 200401b un ||||| m||| 00| 0 ukr d
040 _aUA-OsUOA
_bukr
_cUA-OsUOA
_dUA-OsUOA
041 _aukr
080 _a343.146
090 _a343.146
095 _a12.00.09
_bкримінальний процес та криміналістика; судова експертиза; оперативно-розшукова діяльність
100 _aКрицька І. О.
245 _aРечові докази у кримінальному провадженні
_cКрицька Ірина Олександрівна ; наук. керівник Туманянц Ануш Робертівна
260 _aХарків
_c2017
300 _a20 с.
502 _6Автореферат дисертації на здобуття наукового ступеня кандидата юридичних наук
_cНаціонального юридичного університету імені Ярослава Мудрого
_d2017
520 _aУ роботі комплексно досліджено теоретичні і практичні аспекти нормативної регламентації процесуального порядку формування речових доказів та їх використання у кримінальному провадженні, удосконалено доктринальне визначення поняття речових доказів, розкрито їх сутнісні елементи й ознаки, встановлено співвідношення між речовими доказами та іншими матеріальними об’єктами, запропоновано авторську класифікацію речових доказів у кримінальному провадженні залежно від способу їх отримання й характеру правообмеження при їх збиранні. Розкрито сутність і структуру процесуального механізму формування речових доказів у кримінальному провадженні, розглянуто його елементи. На підставі проведеного дослідження й узагальнення правозастосовної практики виявлено недоліки правового регулювання процесуального порядку формування речових доказів у кримінальному провадженні, сформульовано науково обґрунтовані пропозиції, спрямовані на вдосконалення чинного кримінального процесуального законодавства.
650 _2UDC
_a343 Кримінальне право. Карні порушення
942 _2udc
_cAR
955 _a1
999 _c458668
_d458668